[Event "Morphy B"]
[Site "Gatineau CAN"]
[Date "2025.02.25"]
[Round "7"]
[White "Perrier, Vincent"]
[Black "Falardeau, Alexandre"]
[Result "1-0"]
[WhiteElo "1240"]
[BlackElo "1192"]
[WhiteFideId "-1"]
[WhiteFideId "-1"]
[PlyCount "111"]
[GameId "2149659239907429"]
[EventDate "2025.01.14"]
[EventType "swiss"]
[EventRounds "7"]
[EventCountry "CAN"]
[TimeControl "60+30"]

1. e4 e5 2. Nf3 Nc6 3. Nc3 Nf6 4. d4 exd4 5. Nxd4 Be7 6. Nxc6 dxc6 7. Qxd8+ Bxd8 8. Bg5 O-O 9. O-O-O Be6 10. h3 Re8 11. f4 g6 12. g4 Be7 13. f5 Bc8 14. e5 Nd7 15. Bxe7 Rxe7 16. e6 fxe6 17. fxe6 Nb6 18. a4 Bxe6 19. Bd3 Nd5 20. Ne4 Nb4 21. Rhe1 Bd5 22. Nf6+ Kf7 23. Rxe7+ Kxe7 24. Nxh7 Rh8 25. Bxg6 Bg2 26. h4 Bf3 27. Re1+ Kd6 28. Bf5 Bxg4 29. Re6+ Kd5 30. Nf6+ Kc5 31. Nxg4 Rxh4 32. Re5+ Kb6 33. Ne3 Rh1+ 34. Kd2 Rh2+ 35. Kc3 Na2+ 36. Kb3 Nc1+ 37. Kb4 a5+ 38. Kc3 Ne2+ 39. Kc4 Rh4+ 40. Re4 Rh5 41. Kd3 Ng3 42. Re5 Rh6 43. Nc4+ Ka7 44. Rxa5+ Kb8 45. b4 Rh8 46. Be4 Rd8+ 47. Ke3 Re8 48. Nd2 Rh8 49. b5 b6 50. Ra6 Nxe4 51. Nxe4 Rd8 52. bxc6 Re8 53. a5 b5 54. Kd4 Rxe4+ 55. Kxe4 Kc8 56. Ra8# 1-0

[Event "Morphy B"]
[Site "Gatineau CAN"]
[Date "2025.02.25"]
[Round "7"]
[White "Piche, Danielle"]
[Black "Gagne, Learry"]
[Result "0-1"]
[WhiteElo "873"]
[BlackElo "1267"]
[WhiteFideId "-1"]
[WhiteFideId "-1"]
[PlyCount "40"]
[GameId "2149659239907430"]
[EventDate "2025.01.14"]
[EventType "swiss"]
[EventRounds "7"]
[EventCountry "CAN"]

1. e4 c5 2. Nf3 d6 3. d4 cxd4 4. Nxd4 Nf6 5. Nc3 a6 6. Be3 Nc6 7. f3 e6 8. Qd2 Be7 9. O-O-O O-O 10. g4 Nxd4 11. Bxd4 b5 12. g5 Nh5 13. f4 b4 14. Nb1 Nxf4 15. h4 e5 16. Be3 Ne6 17. Qxb4 d5 18. Bg2 Bxb4 19. exd5 Nf4 20. d6 Ne2# 0-1

[Event "NAYCC U16"]
[Site "Kingston CAN"]
[Date "2025.08.18"]
[Round "1.1"]
[White "Colville, Julian"]
[Black "Russell, Wesley"]
[Result "1-0"]
[WhiteElo "2287"]
[BlackElo "1784"]
[WhiteFideId "-1"]
[WhiteFideId "-1"]
[PlyCount "51"]
[GameId "2215800065741066"]
[EventDate "2025.08.18"]
[EventType "swiss"]
[EventRounds "9"]
[EventCountry "CAN"]

1. e4 c5 2. Nc3 Nc6 3. Nge2 d6 4. d4 cxd4 5. Nxd4 Nf6 6. Bg5 e6 7. Qd3 Bd7 8. O-O-O a6 9. f4 Be7 10. Nf3 Qc7 11. e5 dxe5 12. fxe5 Nb4 13. Qd2 Nfd5 14. Bxe7 Kxe7 15. Nxd5+ Nxd5 16. Kb1 b5 17. Bd3 h6 18. Rhf1 Qc5 19. Be4 Bc6 20. Nd4 Rac8 21. Qf2 Be8 22. Bxd5 exd5 23. Qh4+ Kd7 24. Qg4+ Kc7 25. Qxg7 Bd7 26. Rxf7 1-0

[Event "NAYCC U16"]
[Site "Kingston CAN"]
[Date "2025.08.18"]
[Round "1.2"]
[White "Dukkardt, Vladimir"]
[Black "Tang, Dylan"]
[Result "0-1"]
[WhiteElo "1774"]
[BlackElo "2246"]
[WhiteFideId "-1"]
[WhiteFideId "-1"]
[PlyCount "60"]
[GameId "2215800065843477"]
[EventDate "2025.08.18"]
[EventType "swiss"]
[EventRounds "9"]
[EventCountry "CAN"]

1. e4 e5 2. Nf3 Nc6 3. Bb5 a6 4. Ba4 Nge7 5. c3 Ng6 6. d4 exd4 7. cxd4 Bb4+ 8. Bd2 O-O 9. O-O Bxd2 10. Nbxd2 Nce7 11. Re1 d5 12. Bb3 c6 13. Nf1 dxe4 14. Ng5 Nd5 15. Nxe4 Ndf4 16. Ne3 Re8 17. Nc4 Be6 18. Ncd6 Bxb3 19. Qxb3 Re7 20. Nf5 Rd7 21. Nc5 Rd5 22. Nxb7 Qc7 23. Nbd6 Rxd6 24. Nxd6 Qxd6 25. Qb7 Rf8 26. Qxa6 Nh4 27. Rec1 Nhxg2 28. Qxc6 Qxd4 29. Rc4 Qxb2 30. Rac1 Qe2 0-1

[Event "NAYCC U16"]
[Site "Kingston CAN"]
[Date "2025.08.18"]
[Round "1.3"]
[White "Willy, Stephen"]
[Black "Velasquez, Noah"]
[Result "0-1"]
[WhiteElo "2242"]
[BlackElo "1774"]
[WhiteFideId "-1"]
[WhiteFideId "-1"]
[PlyCount "102"]
[GameId "2215800065884448"]
[EventDate "2025.08.18"]
[EventType "swiss"]
[EventRounds "9"]
[EventCountry "CAN"]

1. d4 Nf6 2. Nf3 d5 3. c4 e6 4. Bg5 Be7 5. Nc3 O-O 6. e3 h6 7. Bxf6 Bxf6 8. Qc2 b6 9. h4 c5 10. cxd5 cxd4 11. Ne4 dxe3 12. O-O-O exd5 13. Bc4 Be6 14. Kb1 exf2 15. Nfg5 Re8 16. Bb5 Nd7 17. Nxe6 fxe6 18. g4 a6 19. Bc6 Rc8 20. g5 dxe4 21. Qxe4 Rc7 22. gxf6 Qxf6 23. Qg2 Rec8 24. Be4 Nc5 25. Bc2 Rf8 26. Rhf1 Rd7 27. Rxd7 Nxd7 28. Qe4 Nc5 29. Qh7+ Kf7 30. b4 Nd7 31. Qd3 Ne5 32. Qxa6 Kg8 33. h5 Ng4 34. Qxb6 Nh2 35. Rxf2 Qxf2 36. Qxe6+ Kh8 37. Qe4 Qf1+ 38. Kb2 Qf6+ 39. Kb1 g6 40. hxg6 Nf3 41. Qe3 Qg7 42. a3 Nd4 43. Bd3 Nf5 44. Qe6 Qf6 45. Qxf6+ Rxf6 46. a4 Nd6 47. Kb2 h5 48. a5 h4 49. a6 Nc8 50. b5 h3 51. Be4 Na7 0-1

[Event "NAYCC U16"]
[Site "Kingston CAN"]
[Date "2025.08.18"]
[Round "1.4"]
[White "Huang, Eric"]
[Black "Venkatesh, Narayan"]
[Result "0-1"]
[WhiteElo "1773"]
[BlackElo "2218"]
[WhiteFideId "-1"]
[WhiteFideId "-1"]
[PlyCount "102"]
[GameId "2215800065892645"]
[EventDate "2025.08.18"]
[EventType "swiss"]
[EventRounds "9"]
[EventCountry "CAN"]

1. d4 Nf6 2. c4 e6 3. Nf3 d5 4. Bg5 Be7 5. e3 O-O 6. Nc3 h6 7. Bh4 b6 8. cxd5 Nxd5 9. Bxe7 Nxe7 10. Be2 Bb7 11. O-O Nd7 12. Rc1 c5 13. Qc2 Rc8 14. Rfd1 cxd4 15. Nxd4 Nd5 16. Ndb5 Qg5 17. h4 Qxh4 18. Nd6 Nxc3 19. bxc3 Rc7 20. Rd4 Qe7 21. Nxb7 Rxb7 22. Rcd1 Nf6 23. Qd2 e5 24. Rd8 Rxd8 25. Qxd8+ Qxd8 26. Rxd8+ Kh7 27. Bc4 Rc7 28. Bb3 g6 29. Ra8 Kg7 30. Kf1 Ne4 31. c4 Nd6 32. Ke2 h5 33. Kd3 g5 34. Rd8 Nb7 35. Rd5 Nc5+ 36. Ke2 f6 37. f4 exf4 38. exf4 Rd7 39. Rf5 Ne6 40. Ke3 Nxf4 41. g3 Ne6 42. Rd5 Nc5 43. Rxd7+ Nxd7 44. Kd4 f5 45. Kd5 Kf6 46. Kc6 Nc5 47. Bd1 g4 48. a4 f4 49. gxf4 Nxa4 50. Kb7 Nc3 51. Bc2 g3 0-1

[Event "NAYCC U16"]
[Site "Kingston CAN"]
[Date "2025.08.18"]
[Round "1.6"]
[White "Cholakis, Max"]
[Black "Wu, Jonathan"]
[Result "0-1"]
[WhiteElo "1756"]
[BlackElo "2130"]
[WhiteFideId "-1"]
[WhiteFideId "-1"]
[PlyCount "130"]
[GameId "2215800065900839"]
[EventDate "2025.08.18"]
[EventType "swiss"]
[EventRounds "9"]
[EventCountry "CAN"]

1. e4 c5 2. c3 d5 3. exd5 Nf6 4. Nf3 Nxd5 5. Bb5+ Bd7 6. Bc4 Nb6 7. Bb3 Bf5 8. Ne5 e6 9. d4 N8d7 10. Bf4 cxd4 11. Nxd7 Qxd7 12. Qxd4 Qxd4 13. cxd4 Rd8 14. Be3 Bb4+ 15. Nc3 Rc8 16. Rc1 Bd3 17. f3 Bc4 18. Kf2 Bxc3 19. Rxc3 Bxb3 20. axb3 Kd7 21. Ra1 a6 22. Ke2 Nd5 23. Rc4 Rc6 24. Kd3 Rhc8 25. Bd2 Rb6 26. Rxc8 Kxc8 27. Kc2 Kd7 28. Re1 f6 29. g3 Kd6 30. g4 Rc6+ 31. Kd3 Rb6 32. Kc4 Rb5 33. h4 h5 34. Rg1 Nb6+ 35. Kc3 g6 36. Kc2 Nd7 37. Bc3 g5 38. Be1 gxh4 39. Bxh4 hxg4 40. fxg4 Kd5 41. Rf1 Rb4 42. Bxf6 Nxf6 43. Rxf6 Rxd4 44. g5 Rg4 45. g6 b6 46. Rf8 Rxg6 47. Rd8+ Kc5 48. Rd2 e5 49. Kc3 Rg3+ 50. Kc2 e4 51. b4+ Kb5 52. Re2 Rg4 53. Kc3 Rf4 54. b3 Rf3+ 55. Kc2 e3 56. Kc3 Rh3 57. Re1 e2+ 58. Kc2 Kxb4 59. Rxe2 Rxb3 60. Re4+ Ka3 61. Re6 a5 62. Rc6 b5 63. Rc5 a4 64. Rc3 Rxc3+ 65. Kb1 Rc1+ 0-1

[Event "NAYCC U16"]
[Site "Kingston CAN"]
[Date "2025.08.18"]
[Round "1.7"]
[White "Yang, Larry"]
[Black "Grosman, Ari"]
[Result "1-0"]
[WhiteElo "2108"]
[BlackElo "1747"]
[WhiteFideId "-1"]
[WhiteFideId "-1"]
[PlyCount "63"]
[GameId "2215800065900840"]
[EventDate "2025.08.18"]
[EventType "swiss"]
[EventRounds "9"]
[EventCountry "CAN"]

1. e4 e6 2. d4 d5 3. Nd2 c5 4. exd5 Qxd5 5. Ngf3 cxd4 6. Bc4 Qd7 7. O-O Nc6 8. Nb3 a6 9. Nbxd4 Nxd4 10. Nxd4 Qc7 11. Bb3 Bd6 12. h3 Bd7 13. Qf3 Ne7 14. c3 O-O 15. Bc2 e5 16. Ne2 f5 17. Rd1 Rf6 18. Bg5 Bc6 19. Qh5 Rg6 20. Bb3+ Kh8 21. Bf7 Rxg5 22. Qxg5 Rf8 23. Qd2 Bc5 24. b4 Ba7 25. Bb3 f4 26. Nc1 f3 27. Nd3 fxg2 28. Qg5 e4 29. Nc5 Rf5 30. Qg3 Qxg3 31. Rd8+ Ng8 32. Rxg8# 1-0

[Event "NAYCC U16"]
[Site "Kingston CAN"]
[Date "2025.08.18"]
[Round "1.8"]
[White "Chen, Larry"]
[Black "Aravindakshan, Sahana"]
[Result "1-0"]
[WhiteElo "1742"]
[BlackElo "2052"]
[WhiteFideId "-1"]
[WhiteFideId "-1"]
[PlyCount "113"]
[GameId "2215800065909033"]
[EventDate "2025.08.18"]
[EventType "swiss"]
[EventRounds "9"]
[EventCountry "CAN"]

1. d4 Nf6 2. c4 g6 3. f3 Bg7 4. e4 d6 5. Nc3 O-O 6. Be3 a6 7. Bd3 c5 8. Nge2 Nc6 9. Qd2 Nd7 10. d5 Nd4 11. f4 e5 12. f5 Nf6 13. Bg5 Qe8 14. O-O Bd7 15. Nxd4 exd4 16. Ne2 Nxe4 17. Bxe4 f6 18. fxg6 Qxe4 19. gxh7+ Qxh7 20. Bf4 Rfe8 21. Bxd6 b6 22. Ng3 f5 23. Qf4 Bh6 24. Qf3 Re3 25. Qf2 Re6 26. Bf4 Rf6 27. Rae1 Raf8 28. Re5 Bg7 29. Re7 R6f7 30. Rfe1 d3 31. Rxf7 Kxf7 32. Be5 Re8 33. Bxg7 Rxe1+ 34. Qxe1 Qxg7 35. Qe3 Qd4 36. Qxd4 cxd4 37. Kf1 Kf6 38. Ke1 b5 39. b3 bxc4 40. bxc4 Ke5 41. Kd2 f4 42. Nh1 Kd6 43. Nf2 Bf5 44. Nxd3 Be4 45. Nxf4 Bf5 46. h3 Kc5 47. g4 Bd7 48. Kd3 Bc8 49. Ne6+ Kd6 50. Kxd4 Bd7 51. c5+ Ke7 52. Ke5 a5 53. c6 Bc8 54. d6+ Ke8 55. d7+ Bxd7 56. cxd7+ Kxd7 57. Kf6 1-0

[Event "NAYCC U16"]
[Site "Kingston CAN"]
[Date "2025.08.18"]
[Round "1.9"]
[White "Xu, Leon"]
[Black "Stelmach, Noah"]
[Result "1-0"]
[WhiteElo "2045"]
[BlackElo "1729"]
[WhiteFideId "-1"]
[WhiteFideId "-1"]
[PlyCount "62"]
[GameId "2215800065909034"]
[EventDate "2025.08.18"]
[EventType "swiss"]
[EventRounds "9"]
[EventCountry "CAN"]

1. e4 c6 2. d4 d5 3. exd5 cxd5 4. Bd3 Nc6 5. c3 Nf6 6. Bf4 g6 7. Nf3 Bg7 8. O-O O-O 9. Re1 Re8 10. Nbd2 Nd7 11. Qb3 e5 12. Bg5 Qc7 13. Qxd5 Nb6 14. Qb3 Be6 15. Qc2 exd4 16. cxd4 Rac8 17. Bb5 Nd5 18. Nb3 Qd6 19. Qd2 Ndb4 20. Bf4 Qd5 21. Bf1 Bg4 22. Ne5 Nxe5 23. Qxb4 Nd7 24. Rxe8+ Rxe8 25. Bc4 Qe4 26. Be3 Nb6 27. Nd2 Qc2 28. Bb3 Qc6 29. d5 Qd7 30. Bxb6 axb6 31. Ba4 Bf8 1-0

[Event "NAYCC U16"]
[Site "Kingston CAN"]
[Date "2025.08.18"]
[Round "1.10"]
[White "Yancey, Alice"]
[Black "Paragua, Dominic Nathan"]
[Result "1/2-1/2"]
[WhiteElo "1710"]
[BlackElo "2041"]
[WhiteFideId "-1"]
[WhiteFideId "-1"]
[PlyCount "113"]
[GameId "2215800065769739"]
[EventDate "2025.08.18"]
[EventType "swiss"]
[EventRounds "9"]
[EventCountry "CAN"]

1. e4 c5 2. Nf3 Nf6 3. e5 Nd5 4. Nc3 e6 5. Nxd5 exd5 6. d4 Nc6 7. dxc5 Bxc5 8. Be2 d6 9. exd6 Qxd6 10. c3 a5 11. O-O O-O 12. Bg5 Bg4 13. Qd2 f6 14. Bf4 Qd7 15. Rad1 Rad8 16. h3 Be6 17. Bb5 Qc8 18. Be3 Ne5 19. Qe2 Qc7 20. Bxc5 Qxc5 21. Nd4 Bf7 22. Rfe1 Qb6 23. f4 Nd7 24. Bxd7 Rxd7 25. Qg4 Rdd8 26. Rd2 Rde8 27. Rxe8 Rxe8 28. Kh2 Qc7 29. Re2 Rxe2 30. Nxe2 g6 31. Nd4 Kf8 32. g3 Qe7 33. Qe2 Qe4 34. Qc2 Kg7 35. Kg1 Qe3+ 36. Kg2 h5 37. Qe2 Qe4+ 38. Qf3 Qb1 39. Qe2 Qxa2 40. f5 Qb1 41. Qe7 Qxb2+ 42. Kg1 Qb1+ 43. Kf2 Qb6 44. Kg2 Qb2+ 45. Kg1 Qb1+ 46. Kf2 Kg8 47. Qd8+ Kg7 48. Qe7 Qb6 49. Kg2 Kg8 50. Ne6 Qb2+ 51. Kg1 Qb1+ 52. Kh2 Qc2+ 53. Kg1 Qc1+ 54. Kg2 Qd2+ 55. Kg1 Qh6 56. Qd8+ Kh7 57. Qe7 1/2-1/2

[Event "NAYCC U16"]
[Site "Kingston CAN"]
[Date "2025.08.18"]
[Round "1.11"]
[White "Dhaliwal, Jaipreet Singh"]
[Black "Fillmore, Louis"]
[Result "1-0"]
[WhiteElo "2036"]
[BlackElo "1708"]
[WhiteFideId "-1"]
[WhiteFideId "-1"]
[PlyCount "81"]
[GameId "2215800065794316"]
[EventDate "2025.08.18"]
[EventType "swiss"]
[EventRounds "9"]
[EventCountry "CAN"]

1. e4 e5 2. Nf3 Nc6 3. Bc4 Bc5 4. c3 Nf6 5. d3 d6 6. Nbd2 a6 7. b4 Ba7 8. a4 O-O 9. O-O h6 10. h3 Re8 11. Re1 Be6 12. Bxe6 Rxe6 13. Qc2 Ne7 14. Nf1 Ng6 15. Ng3 d5 16. Nf5 c5 17. exd5 Qxd5 18. c4 Qd7 19. b5 Rd8 20. Ra3 Bb8 21. Nd2 Ree8 22. Ng3 Nf4 23. Re3 Ne6 24. Ra1 Nd4 25. Qd1 Bd6 26. Bb2 Bf8 27. Bxd4 exd4 28. Rxe8 Rxe8 29. Qf3 Qe7 30. Nde4 Nd7 31. Rd1 axb5 32. axb5 Ra8 33. Nh5 Ra3 34. Qf5 Kh8 35. Nf4 g6 36. Qg4 h5 37. Qg3 Ne5 38. Nd5 Qe6 39. Ng5 Qf5 40. Qxe5+ Qxe5 41. Nxf7+ 1-0

[Event "NAYCC U16"]
[Site "Kingston CAN"]
[Date "2025.08.18"]
[Round "1.12"]
[White "Satish Alwar, Dharsan"]
[Black "Kurup, Siddharth"]
[Result "0-1"]
[WhiteElo "1703"]
[BlackElo "2022"]
[WhiteFideId "-1"]
[WhiteFideId "-1"]
[PlyCount "62"]
[GameId "2215800065794317"]
[EventDate "2025.08.18"]
[EventType "swiss"]
[EventRounds "9"]
[EventCountry "CAN"]

1. d4 d5 2. Nf3 e6 3. e3 Nf6 4. Bd3 Bd6 5. c3 O-O 6. O-O Nbd7 7. Nbd2 e5 8. dxe5 Nxe5 9. Nxe5 Bxe5 10. Nf3 Bd6 11. c4 dxc4 12. Bxc4 Bg4 13. h3 Bh5 14. Be2 Qe7 15. Nh4 Bg6 16. Nxg6 hxg6 17. Bd3 Rad8 18. Qc2 c6 19. Bd2 Bb8 20. Rfd1 Qd6 21. Bc3 Qh2+ 22. Kf1 Nd5 23. Be4 Rfe8 24. Rac1 Rd7 25. Bd4 Rde7 26. Bxd5 cxd5 27. f4 Re4 28. g3 Qxg3 29. Qg2 Qh4 30. Rc2 Bxf4 31. exf4 Re1+ 0-1

[Event "NAYCC U16"]
[Site "Kingston CAN"]
[Date "2025.08.18"]
[Round "1.13"]
[White "Wang, Nathan"]
[Black "Song, Jiacai"]
[Result "1-0"]
[WhiteElo "1994"]
[BlackElo "1702"]
[WhiteFideId "-1"]
[WhiteFideId "-1"]
[PlyCount "91"]
[GameId "2215800065794318"]
[EventDate "2025.08.18"]
[EventType "swiss"]
[EventRounds "9"]
[EventCountry "CAN"]

1. e4 e6 2. d4 d5 3. Nc3 Nf6 4. e5 Nfd7 5. Nce2 c5 6. c3 Nc6 7. Nf3 Be7 8. h4 b5 9. Nf4 Qb6 10. a3 a5 11. Be3 Ba6 12. Bd3 b4 13. O-O Bxd3 14. Qxd3 c4 15. Qc2 bxa3 16. bxa3 a4 17. Ng5 Bxg5 18. hxg5 g6 19. Rab1 Qa6 20. g3 Nb6 21. Kg2 Ke7 22. Rh1 Nd7 23. f3 Rab8 24. Rxb8 Ndxb8 25. Nh3 Nd7 26. Nf2 Rb8 27. Rxh7 Nf8 28. Rg7 Rb3 29. Bc1 Na7 30. Qd2 Qb7 31. Ng4 Nb5 32. Qf4 Ke8 33. Nh6 Nxc3 34. Rxf7 Nd7 35. Rg7 Kd8 36. Qf7 Rb1 37. Qe7+ Kc8 38. Qe8+ Kc7 39. Rxd7+ Kb6 40. Rxb7+ Kxb7 41. Bf4 Ne2 42. Qxe6 c3 43. Qxd5+ Ka7 44. Qc5+ Kb7 45. e6 Rb2 46. Kh3 1-0

[Event "NAYCC U16"]
[Site "Kingston CAN"]
[Date "2025.08.18"]
[Round "1.14"]
[White "Tan, Rex"]
[Black "Zhang, Brian"]
[Result "0-1"]
[WhiteElo "1702"]
[BlackElo "1985"]
[WhiteFideId "-1"]
[WhiteFideId "-1"]
[PlyCount "60"]
[GameId "2215800065794319"]
[EventDate "2025.08.18"]
[EventType "swiss"]
[EventRounds "9"]
[EventCountry "CAN"]

1. d4 d5 2. c4 e6 3. Nc3 Bb4 4. e3 Nf6 5. Nf3 O-O 6. Bd2 b6 7. a3 Be7 8. cxd5 exd5 9. Bd3 Bb7 10. Qc2 Nbd7 11. b4 a6 12. Qb2 Bd6 13. O-O Ne4 14. Rfb1 Qe7 15. Qc2 Rae8 16. Qd1 g5 17. Ne1 f5 18. Nc2 f4 19. Nxe4 dxe4 20. Bc4+ Kh8 21. Bc3 Nf6 22. Qd2 Nd5 23. Rf1 f3 24. g3 b5 25. Bxd5 Bxd5 26. a4 Qe6 27. axb5 Qh3 28. Ne1 Rf6 29. bxa6 Rh6 30. a7 Qxh2# 0-1

[Event "NAYCC U16"]
[Site "Kingston CAN"]
[Date "2025.08.18"]
[Round "1.15"]
[White "Lu, Tony"]
[Black "Guliyev, Nadir"]
[Result "1/2-1/2"]
[WhiteElo "1974"]
[BlackElo "1693"]
[WhiteFideId "-1"]
[WhiteFideId "-1"]
[PlyCount "76"]
[GameId "2215800065814800"]
[EventDate "2025.08.18"]
[EventType "swiss"]
[EventRounds "9"]
[EventCountry "CAN"]

1. e4 c5 2. Nf3 Nc6 3. d4 cxd4 4. Nxd4 d6 5. c4 Nf6 6. Nc3 g6 7. Be2 Bg7 8. Nc2 O-O 9. O-O Ne8 10. Be3 f5 11. f3 f4 12. Bf2 Nc7 13. Qd2 Be6 14. Rac1 Na6 15. Rfd1 Be5 16. Rb1 Nab4 17. Ne1 a5 18. a3 Na6 19. Nd5 Nc5 20. b4 axb4 21. axb4 Na4 22. Rbc1 Nb2 23. b5 Nxd1 24. Bxd1 Nb8 25. Bb6 Qd7 26. Nc7 Ra1 27. Rxa1 Bxa1 28. Bb3 Bf7 29. Qxf4 Bd4+ 30. Bxd4 Qxc7 31. Qc1 Nd7 32. Nd3 Rc8 33. Nb4 Nb6 34. Qg5 e5 35. Be3 Bxc4 36. Bxc4+ Qxc4 37. Qe7 Qxb4 38. Qe6+ Kg7 1/2-1/2

[Event "NAYCC U16"]
[Site "Kingston CAN"]
[Date "2025.08.18"]
[Round "1.17"]
[White "Kilari, Dattasai"]
[Black "Gao, Yiguo"]
[Result "1-0"]
[WhiteElo "1949"]
[BlackElo "1650"]
[WhiteFideId "-1"]
[WhiteFideId "-1"]
[PlyCount "69"]
[GameId "2215800065831186"]
[EventDate "2025.08.18"]
[EventType "swiss"]
[EventRounds "9"]
[EventCountry "CAN"]

1. d4 Nf6 2. Nf3 c6 3. c3 d5 4. Bf4 Qb6 5. Qc1 g6 6. e3 Bg7 7. Bd3 Bg4 8. Nbd2 Nbd7 9. b4 a5 10. a3 O-O 11. O-O Nh5 12. h3 Nxf4 13. exf4 Bxf3 14. Nxf3 Ra7 15. f5 Rfa8 16. Rb1 axb4 17. axb4 Ra3 18. Qe1 Re8 19. fxg6 hxg6 20. Bxg6 e6 21. Bd3 e5 22. Bf5 Qd8 23. Bxd7 Qxd7 24. dxe5 f6 25. Qc1 Rea8 26. exf6 Bxf6 27. Nd4 Bxd4 28. cxd4 Qg7 29. Qe1 Qxd4 30. Qe6+ Kh7 31. Qf5+ Kg8 32. Qe6+ Kh7 33. Rbe1 Qg7 34. Re5 Qg6 35. Qe7+ 1-0

[Event "NAYCC U16"]
[Site "Kingston CAN"]
[Date "2025.08.18"]
[Round "1.18"]
[White "Harit, Neil"]
[Black "Muthukumaran, Gurru"]
[Result "1-0"]
[WhiteElo "1620"]
[BlackElo "1939"]
[WhiteFideId "-1"]
[WhiteFideId "-1"]
[PlyCount "85"]
[GameId "2215800065835283"]
[EventDate "2025.08.18"]
[EventType "swiss"]
[EventRounds "9"]
[EventCountry "CAN"]

1. e4 c5 2. Nf3 Nc6 3. d4 cxd4 4. Nxd4 g6 5. Nc3 Bg7 6. Be3 Nf6 7. Bc4 O-O 8. Bb3 Re8 9. f3 e6 10. f4 d5 11. e5 Nd7 12. Qe2 a6 13. O-O-O Nxd4 14. Bxd4 b5 15. h4 Nb6 16. h5 Nc4 17. hxg6 hxg6 18. g4 Bd7 19. Qh2 Rc8 20. Qh7+ Kf8 21. f5 Qg5+ 22. Kb1 Nxe5 23. Rde1 exf5 24. Nxd5 Rc6 25. Nb6 Be6 26. Bxe5 Rxb6 27. Bxg7+ Ke7 28. Bxe6 Rxe6 29. Rxe6+ Kxe6 30. a4 Qxg4 31. Qh2 Kd7 32. axb5 axb5 33. Qd2+ Kc6 34. Rd1 f4 35. Qc3+ Kb7 36. Qd3 Kc6 37. Qd5+ Kb6 38. Bd4+ Kc7 39. Be5+ Kb6 40. Qd6+ Ka7 41. Qc7+ Ka8 42. Qc6+ Ka7 43. Rd7+ 1-0

[Event "NAYCC U16"]
[Site "Kingston CAN"]
[Date "2025.08.18"]
[Round "1.19"]
[White "Darvekar, Yash"]
[Black "Valluru, Neel Madhav"]
[Result "1-0"]
[WhiteElo "1934"]
[BlackElo "1504"]
[WhiteFideId "-1"]
[WhiteFideId "-1"]
[PlyCount "27"]
[GameId "2215800065835284"]
[EventDate "2025.08.18"]
[EventType "swiss"]
[EventRounds "9"]
[EventCountry "CAN"]

1. e4 e5 2. Nf3 Nc6 3. Bb5 a6 4. Bxc6 dxc6 5. O-O Bd6 6. d4 exd4 7. Qxd4 f6 8. Be3 Bg4 9. Nbd2 Ne7 10. e5 Bxf3 11. exd6 Nf5 12. Qf4 Bxg2 13. Qxf5 Bxf1 14. Qe6+ 1-0

[Event "NAYCC U16"]
[Site "Kingston CAN"]
[Date "2025.08.18"]
[Round "2.1"]
[White "Wu, Nolan"]
[Black "Colville, Julian"]
[Result "0-1"]
[WhiteElo "1926"]
[BlackElo "2287"]
[WhiteFideId "-1"]
[WhiteFideId "-1"]
[PlyCount "74"]
[GameId "2215800120009064"]
[EventDate "2025.08.18"]
[EventType "swiss"]
[EventRounds "9"]
[EventCountry "CAN"]

1. e4 c5 2. Nf3 e6 3. g3 Nc6 4. Bg2 Nf6 5. Qe2 d6 6. O-O Be7 7. Rd1 O-O 8. c3 Qb6 9. e5 dxe5 10. Nxe5 Nxe5 11. Qxe5 Bd7 12. Na3 Bc6 13. Qe2 Bxg2 14. Kxg2 Rad8 15. d3 Nd7 16. Nc4 Qa6 17. Bf4 g5 18. Be3 f5 19. f4 b5 20. Nd2 e5 21. d4 cxd4 22. cxd4 exf4 23. gxf4 g4 24. Kg1 Nf6 25. a4 Qe6 26. Re1 Nd5 27. axb5 Bh4 28. Bf2 Qxe2 29. Rxe2 Nxf4 30. Bxh4 Nxe2+ 31. Kf2 Rde8 32. Nb3 f4 33. Nc5 Nxd4 34. Rxa7 Re2+ 35. Kf1 g3 36. Ra3 g2+ 37. Kg1 f3 0-1

[Event "NAYCC U16"]
[Site "Kingston CAN"]
[Date "2025.08.18"]
[Round "2.2"]
[White "Tang, Dylan"]
[Black "Zhang, Daniel"]
[Result "1-0"]
[WhiteElo "2246"]
[BlackElo "1922"]
[WhiteFideId "-1"]
[WhiteFideId "-1"]
[PlyCount "121"]
[GameId "2215800120045939"]
[EventDate "2025.08.18"]
[EventType "swiss"]
[EventRounds "9"]
[EventCountry "CAN"]

1. e4 g6 2. d4 Bg7 3. Nf3 d6 4. Bc4 Nf6 5. Qe2 O-O 6. h3 Nc6 7. O-O e5 8. dxe5 Nxe5 9. Nxe5 dxe5 10. Nd2 Nh5 11. Nf3 Nf4 12. Bxf4 exf4 13. Rad1 Qe7 14. e5 Be6 15. Rd4 Bxc4 16. Qxc4 g5 17. Rfd1 Rad8 18. Qd3 Rxd4 19. Qxd4 h6 20. Qxa7 h5 21. Nh2 b6 22. Re1 Qc5 23. Qa4 Bxe5 24. c3 Rd8 25. Qc2 Bf6 26. Qe2 h4 27. Nf3 Qd5 28. c4 Qf5 29. b3 Kg7 30. Kh2 Ra8 31. Rd1 Rd8 32. Rxd8 Bxd8 33. Qe5+ Qf6 34. Kg1 Kg6 35. Kf1 Qf5 36. Qxf5+ Kxf5 37. Ke2 Ke4 38. Ne1 Be7 39. Nc2 f5 40. f3+ Ke5 41. Kd3 c6 42. Nd4 c5 43. Nc6+ Kd6 44. Nxe7 Kxe7 45. a3 Kd6 46. b4 Kc6 47. Kc3 g4 48. Kb3 g3 49. Ka4 cxb4 50. axb4 b5+ 51. cxb5+ Kb6 52. Kb3 Kxb5 53. Kc3 Kb6 54. Kc4 Kc6 55. b5+ Kd6 56. Kd4 Ke6 57. Kc5 Kd7 58. b6 Kd8 59. Kd6 Kc8 60. Kc6 Kb8 61. b7 1-0

[Event "NAYCC U16"]
[Site "Kingston CAN"]
[Date "2025.08.18"]
[Round "2.3"]
[White "Venkatesh, Narayan"]
[Black "Kunapuli, Siddarth"]
[Result "1-0"]
[WhiteElo "2218"]
[BlackElo "1889"]
[WhiteFideId "-1"]
[WhiteFideId "-1"]
[PlyCount "45"]
[GameId "2215800120062334"]
[EventDate "2025.08.18"]
[EventType "swiss"]
[EventRounds "9"]
[EventCountry "CAN"]

1. d4 Nf6 2. c4 e6 3. Nc3 Bb4 4. e3 b6 5. Nge2 Bb7 6. a3 Bd6 7. Ng3 h5 8. Qc2 h4 9. Nge4 Nxe4 10. Nxe4 Be7 11. h3 c5 12. Bd2 cxd4 13. exd4 d5 14. cxd5 Qxd5 15. Nc3 Qd7 16. Be3 Ba6 17. Qe4 Bb7 18. Qg4 Bf6 19. Rd1 Nc6 20. d5 Ne5 21. dxe6 Qxe6 22. Bb5+ Ke7 23. Qb4+ 1-0

[Event "NAYCC U16"]
[Site "Kingston CAN"]
[Date "2025.08.18"]
[Round "2.4"]
[White "Liu, Ethan"]
[Black "Jiang, Barron Jiyu"]
[Result "0-1"]
[WhiteElo "2136"]
[BlackElo "1883"]
[WhiteFideId "-1"]
[WhiteFideId "-1"]
[PlyCount "82"]
[GameId "2215800120066434"]
[EventDate "2025.08.18"]
[EventType "swiss"]
[EventRounds "9"]
[EventCountry "CAN"]

1. e4 c5 2. Nf3 d6 3. d4 cxd4 4. Nxd4 Nf6 5. Nc3 a6 6. Bg5 e6 7. f4 Be7 8. Qf3 Qc7 9. O-O-O O-O 10. g4 b5 11. Bxf6 Bxf6 12. g5 Bxd4 13. Rxd4 Bb7 14. Bg2 Nc6 15. Rd3 b4 16. Nd1 Rac8 17. Qf2 f5 18. exf5 Rxf5 19. Qe2 Kh8 20. Rf1 Rc5 21. Ne3 b3 22. a3 bxc2 23. b4 Rb5 24. Nxc2 d5 25. Rf2 a5 26. Rh3 Ba6 27. a4 Rb6 28. b5 Nb4 29. Qh5 g6 30. Qxg6 e5 31. Qf5 e4 32. Bxe4 dxe4 33. Qxe4 Qg7 34. Kb1 Bb7 35. Qe1 Rd6 36. Nxb4 axb4 37. Re2 Qd7 38. Re7 Rd1+ 39. Ka2 Qd5+ 40. Kb2 Qd4+ 41. Ka2 Bd5+ 0-1